000 00384cam a2200181ua 4500
001 8866
008 150216n ii |||gr||||Z||||||eng
040 _cMAIN
041 _aeng
082 _a824
100 _aBacon, F.,
_eAuthor.
245 1 _aEssays
_cBy F. Bacon
250 _a1st.
260 _aAgra:
_bRatan,
_c1967.
300 _a230p.
653 _aEnglish essays
942 _cBK
999 _c7960
_d7960